| 000 | 01629cam a2200313 4500 | ||
|---|---|---|---|
| 001 | 25540 | ||
| 003 | TR-AnTOB | ||
| 005 | 20250731132949.0 | ||
| 007 | ta | ||
| 008 | 110707e2006 tu ado g f000 0 tur d | ||
| 040 |
_aTR-AnTOB _beng _erda _cTR-AnTOB _dTR-AnTOB |
||
| 041 | 0 | _atur | |
| 050 | 1 | 4 |
_aLB2341.8.T9 _bY857 2006 |
| 090 |
_aLB2341.8.T9 _bY857 2006 |
||
| 245 | 0 | 0 |
_aYükseköğretim kurumlarında akademik değerlendirme ve kalite geliştirme rehberi : _b(sürüm : 2006/1.0) / _cYÖDEK Yükseköğretim Akademik Değerlendirme ve Kalite Geliştirme Komisyonu. |
| 264 | 1 |
_a[y. y.] : _bYÖDEK, _c2006. |
|
| 300 |
_aiii, 68 pages : _bcolor illustrations, tables ; _c29 cm. |
||
| 336 |
_atext _btxt _2rdacontent |
||
| 337 |
_aunmediated _bn _2rdamedia |
||
| 338 |
_avolume _bnc _2rdacarrier |
||
| 500 | _aYükseköğretim Kurulu, 23 Temmuz 2015 tarihinde Yükseköğretim Kalite Güvencesi Yönetmeliğini yayımlayarak Yükseköğretim Kalite Kurulunu kurmuş ve YÖDEK'i ilga etmiştir. yokak.gov.tr web site | ||
| 505 | 0 | _aGiriş ; Yönetici özeti ; Yüksek Öğretim Kurumları Akademik Değerlendirme ve Kalite Geliştirme Komisyonu (YÖDEK) ; Yükseköğretimde akademik değerlendirme ve kalite geliştirme ana süreç haritası ; Yükseköğretim kurumlarında akademik değerlendirme ve kalite geliştirme süreci ; Sonuç ; Ekler. | |
| 563 | _aSpiral binding | ||
| 650 | 0 |
_aYüksek eğitim ve devlet _zTürkiye _982957 |
|
| 650 | 0 | 7 |
_aToplam kalite yönetimi _zTürkiye _2etuturkob _918059 |
| 650 | 0 |
_aÜniversiteler ve yüksekokullar _zTürkiye _xYönetim _975853 |
|
| 942 |
_2lcc _cBK |
||
| 999 |
_c200452896 _d71108 |
||